| 000 | 00556nam a22001937a 4500 | ||
|---|---|---|---|
| 003 | CEME | ||
| 005 | 20210628203051.0 | ||
| 008 | 210202b xxu||||| |||| 00| 0 eng d | ||
| 020 | _a0-02-651476-1 | ||
| 040 | _c. | ||
| 082 | _a613.71 MER | ||
| 100 |
_aMerki, Mary Bronson, Merki, Mary Bronson, Merki, Don, Merki, Don _963134 |
||
| 245 | _aGlencoe health, a guide to wellness | ||
| 250 | _a5TH | ||
| 260 |
_aNEW YORK _bMCGRAW HILL _c2000 |
||
| 300 | _aXVIII,814P | ||
| 650 |
_aHEALTH. A GUIDE TO WELLNESS. PHYSICAL FITNESS. _963135 |
||
| 942 |
_cBK _2ddc |
||
| 999 |
_c572054 _d572054 |
||